000 00850nam a22002177a 4500
003 BUBTL
008 211208b ||||| |||| 00| 0 eng d
020 _a9848261370
082 _a954.925/ M2788j/ 2020
100 _94322
_aমাহমুদ, আনু
245 _aজাতি রাষ্টের জনক বঙ্গবন্ধু /
_cআনু মাহমুদ
250 _a1st Edn.
260 _aঢাকা :
_bদি স্কাই পাবলিশার্স,
_cc2020
300 _a239 p. :
_c22 cm.
505 _aজাতি রাষ্টের জনক বঙ্গবন্ধু, আনু মাহমুদ, বঙ্গবন্ধু
650 0 _93574
_aবঙ্গবন্ধু
650 0 _94372
_aBangabandhu
856 _k0
_l0
_yDownload
942 _2ddc
_cBK
999 _c6603
_d6603